Central Library OPAC University of Rajshahi

Shakespeare's anonymous editors pont : (Record no. 18583)

MARC details
000 -LEADER
fixed length control field 00898nam a2200253 a 4500
001 - CONTROL NUMBER
control field 18583
003 - CONTROL NUMBER IDENTIFIER
rucl marc code BD-RjUL
005 - DATE AND TIME OF LATEST TRANSACTION
control field 20211209000315.0
008 - FIXED-LENGTH DATA ELEMENTS--GENERAL INFORMATION
fixed length control field 140220s1981 cauh b 001 1 eng d
020 ## - INTERNATIONAL STANDARD BOOK NUMBER
International Standard Book Number 0804710222
035 ## - SYSTEM CONTROL NUMBER
System control number (BD-RjUL)18641
040 ## - CATALOGING SOURCE
Original cataloging agency DLC
Language of cataloging eng
Transcribing agency DLC
Modifying agency DLC
-- BD-RjUL
-- LC
041 ## - LANGUAGE CODE
Language code of text/sound track or separate title eng
082 00 - DEWEY DECIMAL CLASSIFICATION NUMBER
Classification number 822.33
Edition number 19
Author mark and year PRS 1981
100 1# - MAIN ENTRY--PERSONAL NAME
Personal name Prosser, Eleanor.
9 (RLIN) 57260
245 10 - TITLE STATEMENT
Title Shakespeare's anonymous editors pont :
Remainder of title scribe and compositor in the Folio text of 2 Henry IV /
Statement of responsibility, etc. Eleanor Prosser.
260 ## - PUBLICATION, DISTRIBUTION, ETC. (IMPRINT)
Place of publication, distribution, etc. Stanford, Calif. :
Name of publisher, distributor, etc. Stanford University Press,
Date of publication, distribution, etc. 1991.
300 ## - PHYSICAL DESCRIPTION
Pagination ix, 319 p. :
Illustrations facsims. ;
Size 23 cm.
504 ## - BIBLIOGRAPHY, ETC. NOTE
Bibliography, etc Includes bibliographical references and index.
600 10 - SUBJECT ADDED ENTRY--PERSONAL NAME
Personal name Shakespeare, William,
Dates associated with a name 1564-1616.
General subdivision Criticism, Textual.
Personal name Henry
Titles and other words associated with a name King of England,
Dates associated with a name 1367-1413
General subdivision In literature.
942 ## - ADDED ENTRY ELEMENTS (KOHA)
Source of classification or shelving scheme Dewey Decimal Classification
Koha item type Books
Holdings
Lost status Source of classification or shelving scheme Damaged status Not for loan Collection code Permanent Location Current Location Shelving location Date acquired Source of acquisition Total Checkouts Full call number Date last seen Copy number Koha item type
  Dewey Decimal Classification     Fiction Central Library, University of Rajshahi Central Library, University of Rajshahi   03/06/1990 Asia foundation   822.33 PRS 1981 20/02/2014 C-3 Books
  Dewey Decimal Classification     Fiction Central Library, University of Rajshahi Central Library, University of Rajshahi   03/06/1990 Asia foundation   822.33 PRS 1981 20/02/2014 C-2 Books